000 00432nab a2200145Ia 4500
003 ES-SlBCS
005 20210601145353.0
008 140529s1949 xxu||||| |||| 00| 0 spa d
041 _aspa
100 1 _aCruz, Miguel
_9311419
245 0 0 _aEl hombre y sus máscaras
_c Miguel Cruz
650 0 4 _aPsicología
_944875
773 0 _tRevista de Psicologia General y Aplicada
_gvol. 4, nº. 11, 1949, págs. 513-542
_wRev1347
942 _cAR
999 _c723557
_d723557